Restructuring of production units on Indian railways (Record no. 493490)

000 -LEADER
fixed length control field 00431cam a22001217a 4500
008 - FIXED-LENGTH DATA ELEMENTS--GENERAL INFORMATION
fixed length control field 180718b2007 xxu||||| |||| 00| 0 eng d
082 ## - DEWEY DECIMAL CLASSIFICATION NUMBER
Classification number APPPA 2007-08
100 ## - MAIN ENTRY--PERSONAL NAME
Personal name Ved Prakash
245 ## - TITLE STATEMENT
Title Restructuring of production units on Indian railways
Statement of responsibility, etc. by Ved Prakash
260 ## - PUBLICATION, DISTRIBUTION, ETC.
Place of publication, distribution, etc. New Delhi
Name of publisher, distributor, etc. Indian Institute of Public Administration
Date of publication, distribution, etc. 2007
300 ## - PHYSICAL DESCRIPTION
Extent 80p.
500 ## - GENERAL NOTE
General note An APPPA M.Phil dissertation, 2006-07 (Guide: Prof. R.K. Sachdeva)
Holdings
Withdrawn status Lost status Damaged status Not for loan Permanent Location Current Location Date acquired Full call number Barcode Date last seen Price effective from Koha item type
        Indian Institute of Public Administration Indian Institute of Public Administration 2018-08-04 APPPA 2007-08 GR17865 2018-08-04 2018-08-04 GR

Powered by Koha